000 00395cam a2200169 4500
008 090401t1974 xxu||||| |||| 00| 0 eng d
020 _a0105451746
035 _a(Sirsi) u50982
041 _aeng
110 _aUnited Kingdom
_kLaws, etc
_95044
245 _aRent Act 1974.
260 _aLondon
_bHMSO
_c1974
300 _a37p. ; 25cm.
350 _a0.41
942 _n0
948 _c04/03/1997
999 _c92788
_d92788